000 01219 a2200289 4500
003 BJBSDDR
005 20250217101546.0
007 ta
008 070225s2006 nyu 00| 0 eng d
020 _a9780312341589
020 _a031234158X
040 _beng
_cDLC
041 _aeng
050 1 4 _aL 901
_bI59 2006
245 0 4 _aThe insider's guide to the colleges, 2007 /
_cCompilaed and edited by the Staff of the Yale Daily News
250 _a33rd edition
260 _aNew York :
_bSt. Martin's Griffin Press,
_c2006.
300 _a1082 pages ;
_c21 cm.
500 _a1st ed. (1970)- compiled and edited by the staff of the Yale Daily News.
500 _aIncludes index
520 _aPresents a collection of profiles, written by students, of over three hundred colleges in all fifty United States and Canada, describing real-life college aspects specific to these schools, such as housing and food, the social scene, faculty, extracurriculars, and academic difficulty.
650 4 _aUniversidades y colegios
_zEstados Unidos
_vDirectorios
_940673
650 4 _aUniversidades y colegios
_zCanadá
_vDirectorios
_940673
730 0 _aYale Daily News
_940672
942 _2lcc
_cBK
946 _idpf
999 _c122786
_d122786